[Event "Olomouc Chess Summer 2017 - IM 1"]
[Site "Olomouc (CZE)"]
[Date "2017.08.14"]
[Round "4.1"]
[White "Mukashev 2199, Assan"]
[Black "Chkhaidze 2367, Nikoloz"]
[Result "1/2-1/2"]
[WhiteElo "2199"]
[BlackElo "2367"]
[PlyCount "121"]
[EventDate "2017.??.??"]

1. d4 Nf6 2. Nf3 g6 3. g3 Bg7 4. Bg2 O-O 5. O-O d6 6. b3 Nc6 7. Bb2 e5 8. dxe5
Ng4 9. c4 Ngxe5 10. Nxe5 Nxe5 11. Qd2 Rb8 12. f4 Nc6 13. Bxg7 Kxg7 14. Nc3 a6
15. Nd5 Be6 16. Qc3+ f6 17. Rad1 Ne7 18. Rfe1 c6 19. Nxe7 Qxe7 20. e4 Rbd8 21.
Re3 c5 22. a4 b6 23. h3 Qc7 24. Red3 Rd7 25. g4 Kg8 26. f5 Bf7 27. h4 b5 28. g5
bxc4 29. bxc4 fxg5 30. hxg5 Rb8 31. e5 gxf5 32. Rxd6 Re7 33. e6 Rxe6 34. Rd7
Qe5 35. Qxe5 Rxe5 36. Bd5 Bxd5 37. R1xd5 Rxd5 38. Rxd5 Rb4 39. Rxc5 Rxa4 40.
Rxf5 Rxc4 41. Rf6 a5 42. Kf2 Kg7 43. Kf3 a4 44. Ra6 Rc3+ 45. Kg4 a3 46. Kf5
Rf3+ 47. Kg4 Rb3 48. Kf5 Kf8 49. Ra7 Ke8 50. Kf6 Kd8 51. Kg7 Rh3 52. Kf6 Kc8
53. Kf5 Kb8 54. Ra4 Kb7 55. Kf6 Rg3 56. Rh4 Rf3+ 57. Ke6 Kb6 58. Rxh7 Rf1 59.
Rh2 Ra1 60. g6 a2 61. Rxa2 1/2-1/2

[Event "Olomouc Chess Summer 2017 - IM 1"]
[Site "Olomouc (CZE)"]
[Date "2017.08.14"]
[Round "4.2"]
[White "Brhel 2113, Jan"]
[Black "Kulkarni 2291, Bhakti"]
[Result "1-0"]
[WhiteElo "2113"]
[BlackElo "2291"]
[PlyCount "75"]
[EventDate "2017.??.??"]

1. d4 d5 2. c4 c6 3. Nf3 Nf6 4. e3 a6 5. Nc3 b5 6. b3 Bg4 7. Be2 Nbd7 8. Ne5
Bxe2 9. Qxe2 Qc7 10. Bb2 e6 11. Rc1 Bb4 12. cxd5 cxd5 13. O-O Qb7 14. Nd3 Bd6
15. Nc5 Qb6 16. Nxd7 Nxd7 17. e4 b4 18. Nd1 O-O 19. Ne3 dxe4 20. d5 Be5 21. Nc4
Qb5 22. dxe6 Bxb2 23. exf7+ Rxf7 24. Qxb2 Qg5 25. Qd2 Qxd2 26. Nxd2 Re7 27. Rc4
e3 28. fxe3 Rxe3 29. Rxb4 Nc5 30. Rc4 Nd3 31. Rc3 Rd8 32. Nf3 Rde8 33. Rd1 Nf4
34. Rxe3 Rxe3 35. Kf1 a5 36. Rd4 Nd3 37. Rd8+ Kf7 38. Rxd3 1-0

[Event "Olomouc Chess Summer 2017 - IM 1"]
[Site "Olomouc (CZE)"]
[Date "2017.08.14"]
[Round "4.3"]
[White "Hoefelsauer 2357, Thomas"]
[Black "Szotkowski 2374, Jakub"]
[Result "1/2-1/2"]
[WhiteElo "2357"]
[BlackElo "2374"]
[PlyCount "90"]
[EventDate "2017.??.??"]

1. d4 Nf6 2. c4 c5 3. d5 b5 4. cxb5 a6 5. bxa6 g6 6. Nc3 Bg7 7. e4 Qa5 8. a7
Na6 9. Bd2 O-O 10. Nf3 Nc7 11. Bc4 d6 12. O-O Qxa7 13. Qc2 Ba6 14. Bxa6 Qxa6
15. Rfe1 Rfb8 16. b3 Nd7 17. a4 c4 18. bxc4 Qxc4 19. Rac1 Nc5 20. Nb5 Qxc2 21.
Rxc2 Nxb5 22. axb5 Rxb5 23. Bg5 Rb7 24. h3 h6 25. Bh4 Ra4 26. e5 Nd3 27. exd6
Nxe1 28. Rc8+ Kh7 29. dxe7 Re4 30. e8=Q Nxf3+ 31. gxf3 Rxe8 32. Rxe8 g5 33. Bg3
Rb1+ 34. Kg2 Rd1 35. Rd8 Kg6 36. f4 Bc3 37. Rd6+ f6 38. Kf3 Kf5 39. fxg5 hxg5
40. Rd8 Be5 41. h4 Bxg3 42. fxg3 Rd3+ 43. Kf2 gxh4 44. gxh4 Rh3 45. Rh8 Rd3
1/2-1/2

[Event "Olomouc Chess Summer 2017 - IM 1"]
[Site "Olomouc (CZE)"]
[Date "2017.08.14"]
[Round "4.4"]
[White "Nagy 2472, Gabor"]
[Black "Klima 2332, Lukas"]
[Result "1-0"]
[WhiteElo "2472"]
[BlackElo "2332"]
[PlyCount "143"]
[EventDate "2017.??.??"]

1. Nf3 Nf6 2. c4 g6 3. Nc3 Bg7 4. g3 O-O 5. Bg2 d6 6. d4 Nc6 7. O-O Bf5 8. d5
Na5 9. Nd2 c5 10. e4 Bg4 11. Qc2 Qc8 12. b3 a6 13. a4 Bh3 14. Bb2 Bxg2 15. Kxg2
e5 16. Rae1 Nh5 17. Nd1 f5 18. exf5 Qxf5 19. Qc3 b6 20. Ne3 Qf7 21. Ng4 Qd7 22.
h3 Nb7 23. Ne4 Rae8 24. Re3 Rf5 25. Rfe1 Ref8 26. b4 cxb4 27. Qxb4 Nc5 28. Qxb6
Nxa4 29. Qxd6 Qxd6 30. Nxd6 Nxb2 31. Rb3 e4 32. Rxe4 Na4 33. Re7 Nc5 34. Rbe3
Nf6 35. Nxf5 gxf5 36. Nxf6+ Bxf6 37. Rc7 Ne4 38. Ra3 Bd4 39. d6 Nxd6 40. Rd3
Be5 41. f4 Ne8 42. Ra7 Bb8 43. Rxa6 Nf6 44. Kf3 h5 45. c5 Ne4 46. Rd5 Nc3 47.
Rd7 Ne4 48. Rg6+ Kh8 49. c6 Nf6 50. Rb7 Nd5 51. Rh6+ Kg8 52. Rxh5 Bc7 53. Rg5+
Kh7 54. Ke2 Kh6 55. h4 Rf6 56. Kd3 Rd6 57. Kc4 Ne3+ 58. Kb5 Rd5+ 59. Ka4 Rd4+
60. Rb4 Rd1 61. Rb3 Nc2 62. Rb7 Bd6 63. c7 Nd4 64. Ka5 Bc5 65. Rb6+ Bxb6+ 66.
Kxb6 Rb1+ 67. Kc5 Ne6+ 68. Kd6 Rb6+ 69. Kd7 Nc5+ 70. Ke7 Re6+ 71. Kf7 Rc6 72.
Rg6+ 1-0

[Event "Olomouc Chess Summer 2017 - IM 1"]
[Site "Olomouc (CZE)"]
[Date "2017.08.14"]
[Round "4.5"]
[White "Chetverik 2250, Maxim"]
[Black "Karayev 2228, Kanan"]
[Result "1-0"]
[WhiteElo "2250"]
[BlackElo "2228"]
[PlyCount "67"]
[EventDate "2017.??.??"]

1. d4 Nf6 2. c4 e6 3. Nf3 d5 4. g3 Be7 5. Bg2 O-O 6. Qc2 dxc4 7. Qxc4 a6 8. Bf4
Bd6 9. Qc1 Nc6 10. O-O Bxf4 11. Qxf4 Nd5 12. Qd2 b5 13. e4 Nb6 14. Rd1 Bb7 15.
Qe2 Qe7 16. Nbd2 Na5 17. Rac1 Rac8 18. a3 Nac4 19. Nb3 Na4 20. Nc5 Nxc5 21.
dxc5 Rfd8 22. b3 Nxa3 23. Nd4 e5 24. Nf5 Qe6 25. c6 Ba8 26. Bh3 Rxd1+ 27. Qxd1
Rf8 28. Qd5 b4 29. Qc5 Re8 30. Nxg7 Qxh3 31. Nxe8 Nb5 32. Qxe5 Qh6 33. Nf6+ Kf8
34. Nd7+ 1-0

[Event "Olomouc Chess Summer 2017 - IM 2"]
[Site "Olomouc (CZE)"]
[Date "2017.08.14"]
[Round "4.1"]
[White "Burnett 2209, Andrew"]
[Black "Leeb 2207, Simon"]
[Result "1/2-1/2"]
[WhiteElo "2209"]
[BlackElo "2207"]
[PlyCount "145"]
[EventDate "2017.??.??"]

1. d4 d5 2. c4 c6 3. Nf3 Nf6 4. Nc3 a6 5. g3 b5 6. Bg2 Bg4 7. Ne5 Bf5 8. O-O e6
9. Bg5 Be7 10. Bxf6 gxf6 11. Nf3 Bg6 12. cxd5 cxd5 13. Rc1 O-O 14. Nd2 Ra7 15.
f4 f5 16. e3 Qb6 17. Nb3 Nd7 18. Rf2 Rc7 19. Rfc2 Rfc8 20. Bf1 Bb4 21. Qd3 Bh5
22. a3 Bxc3 23. Rxc3 Nf6 24. Rxc7 Rxc7 25. Rxc7 Qxc7 26. Nc5 Ne4 27. b4 Bf3 28.
a4 Qa7 29. Qa3 Qb8 30. axb5 axb5 31. Qa5 Nd6 32. Nd7 Qc8 33. Nc5 Qb8 34. Qa6
Be4 35. Qc6 Nc4 36. Nd7 Qd6 37. Qxb5 Kg7 38. Ne5 Nxe5 39. dxe5 Qd8 40. Qc5 h5
41. Ba6 h4 42. Qd6 Qa8 43. gxh4 Kh7 44. Kf2 Qg8 45. Qe7 Qg2+ 46. Ke1 Qg1+ 47.
Kd2 Qf2+ 48. Be2 Bf3 49. Qxf7+ Kh8 50. Qe8+ Kh7 51. Qd7+ Kh8 52. Qb5 d4 53. Qd3
Bxe2 54. Qxe2 dxe3+ 55. Kd3 Qxh4 56. Kxe3 Qh3+ 57. Kd4 Qh4 58. Qd2 Qd8+ 59. Kc3
Qa8 60. Qd6 Qf3+ 61. Kc4 Qxf4+ 62. Kc5 Qc1+ 63. Kb6 Qc8 64. Qe7 Qb8+ 65. Kc6
Qxe5 66. Qh4+ Kg7 67. Qg3+ Qxg3 68. hxg3 e5 69. b5 f4 70. b6 fxg3 71. b7 g2 72.
b8=Q g1=Q 73. Qxe5+ 1/2-1/2

[Event "Olomouc Chess Summer 2017 - IM 2"]
[Site "Olomouc (CZE)"]
[Date "2017.08.14"]
[Round "4.2"]
[White "Mammadova 2277, Narmin"]
[Black "Pranav 2155, Anand"]
[Result "1-0"]
[WhiteElo "2277"]
[BlackElo "2155"]
[PlyCount "55"]
[EventDate "2017.??.??"]

1. e4 e5 2. Nf3 Nc6 3. c3 Nf6 4. d4 Nxe4 5. d5 Bc5 6. dxc6 Bxf2+ 7. Ke2 bxc6 8.
Qa4 f5 9. Nbd2 O-O 10. Kd1 Nxd2 11. Bxd2 Qe8 12. Qc4+ d5 13. Qe2 Bb6 14. Qxe5
Qg6 15. Qg3 Qf6 16. Bd3 h6 17. Re1 Bd7 18. Ne5 Be8 19. Kc2 f4 20. Qg4 c5 21.
Nd7 Bxd7 22. Qxd7 Rad8 23. Qe6+ Kh8 24. Qxf6 Rxf6 25. c4 dxc4 26. Bxc4 Rfd6 27.
Bc3 Rg6 28. Re2 1-0

[Event "Olomouc Chess Summer 2017 - IM 2"]
[Site "Olomouc (CZE)"]
[Date "2017.08.14"]
[Round "4.3"]
[White "Biolek-Sen. 2439, Richard"]
[Black "Nitish 2269, Belurkar"]
[Result "1/2-1/2"]
[WhiteElo "2439"]
[BlackElo "2269"]
[PlyCount "80"]
[EventDate "2017.??.??"]

1. Nf3 Nf6 2. g3 d5 3. Bg2 Bg4 4. O-O c6 5. b3 Nbd7 6. Bb2 e6 7. d3 Be7 8. Nbd2
O-O 9. e4 Rc8 10. h3 Bxf3 11. Qxf3 Qa5 12. Qe2 Ba3 13. Bxa3 Qxa3 14. Rfb1 a5
15. e5 Ne8 16. Qe3 Qc5 17. Qxc5 Nxc5 18. d4 Na6 19. c4 Nec7 20. a3 Rfd8 21. c5
Nb5 22. Nf3 Ra8 23. Rc1 Kf8 24. Bf1 Rdc8 25. Ra2 Ke7 26. Bd3 h6 27. Kg2 Kd7 28.
g4 h5 29. Kg3 hxg4 30. hxg4 Rh8 31. Raa1 Raf8 32. Rh1 Rxh1 33. Rxh1 Nxa3 34.
Bxa6 bxa6 35. Ra1 Nb5 36. Rxa5 Nc7 37. Ra1 Rb8 38. Nd2 Nb5 39. Nf3 Nc7 40. Nd2
Nb5 1/2-1/2

[Event "Olomouc Chess Summer 2017 - IM 2"]
[Site "Olomouc (CZE)"]
[Date "2017.08.14"]
[Round "4.4"]
[White "Tymrakiewicz 2188, Rafal"]
[Black "Olsarova 2283, Karolina"]
[Result "1-0"]
[WhiteElo "2188"]
[BlackElo "2283"]
[PlyCount "99"]
[EventDate "2017.??.??"]

1. d4 Nf6 2. Bg5 e6 3. Nd2 h6 4. Bf4 c5 5. e3 Nc6 6. c3 b6 7. h3 Be7 8. Ngf3
Bb7 9. a3 O-O 10. Be2 d6 11. O-O Qc7 12. Bh2 Rad8 13. Qa4 Qc8 14. Rfd1 Qa8 15.
Ba6 Rd7 16. Rac1 Rc8 17. Bg3 Nb8 18. Bb5 Rdd8 19. Be2 cxd4 20. cxd4 Bd5 21. Re1
Qb7 22. Bd3 a6 23. Rxc8 Qxc8 24. Qd1 Nbd7 25. e4 Bb7 26. Qe2 Qa8 27. Bh4 Nf8
28. Bg3 N8d7 29. Nb1 Rc8 30. Nc3 b5 31. Bh4 Nb6 32. g4 Rc7 33. d5 exd5 34. e5
dxe5 35. Qxe5 Qc8 36. Bxf6 gxf6 37. Qf4 Bf8 38. Nd4 Nc4 39. Bf5 Qd8 40. Bb1 Bc8
41. Nxd5 Qxd5 42. Qxc7 Bd7 43. Qf4 Nd6 44. Qxf6 Bc8 45. Qe5 Qc4 46. Nf5 Bxf5
47. gxf5 b4 48. f6 bxa3 49. Qg3+ Kh8 50. Qxd6 1-0

[Event "Olomouc Chess Summer 2017 - IM 2"]
[Site "Olomouc (CZE)"]
[Date "2017.08.14"]
[Round "4.5"]
[White "Jurek 2274, Josef"]
[Black "Galyas 2486, Miklos"]
[Result "0-1"]
[WhiteElo "2274"]
[BlackElo "2486"]
[PlyCount "84"]
[EventDate "2017.??.??"]

1. Nf3 Nf6 2. c4 g6 3. d4 Bg7 4. g3 O-O 5. Bg2 d6 6. Nc3 Nbd7 7. O-O e5 8. e4
c6 9. h3 Qa5 10. Re1 exd4 11. Nxd4 Ne5 12. Bf1 Be6 13. Nxe6 fxe6 14. Kg2 Rad8
15. f4 Nf7 16. Bd2 Qc7 17. Rc1 e5 18. f5 gxf5 19. exf5 Kh8 20. g4 Rg8 21. Kh1
Bh6 22. Bxh6 Nxh6 23. Qf3 Qg7 24. Rc2 Nf7 25. Rg2 Qh6 26. Qe3 Qh4 27. Rh2 Ng5
28. Rd1 Rge8 29. Qxa7 d5 30. cxd5 cxd5 31. Qf2 Qxf2 32. Rxf2 d4 33. Nb5 Nd5 34.
Bg2 Ne3 35. Rd3 Nxg2 36. Kxg2 Ne4 37. Rc2 Rd5 38. a4 Nc5 39. Rdd2 d3 40. Rc3 e4
41. Nc7 e3 42. Rdxd3 Nxd3 0-1

[Event "Olomouc Chess Summer 2017 - open"]
[Site "Olomouc (CZE)"]
[Date "2017.08.14"]
[Round "4.1"]
[White "Nasanjargal 2419, Urtnasan"]
[Black "Musil 1963, Vitezslav"]
[Result "1-0"]
[WhiteElo "2419"]
[BlackElo "1963"]
[PlyCount "73"]
[EventDate "2017.??.??"]

1. Nf3 Nf6 2. g3 g6 3. Bg2 Bg7 4. O-O O-O 5. d4 d6 6. b3 c5 7. Bb2 Nc6 8. c4
cxd4 9. Nxd4 Nxd4 10. Qxd4 Ne8 11. Qd2 Bxb2 12. Qxb2 Ng7 13. Nc3 Rb8 14. Rad1
b6 15. Rfe1 Bb7 16. e4 Qc8 17. Nd5 Bxd5 18. cxd5 Qd7 19. e5 Rbc8 20. e6 fxe6
21. Bh3 Rf6 22. dxe6 Qb5 23. Rxd6 Rcf8 24. Rd2 Qh5 25. Bg2 g5 26. h3 g4 27. Re5
Nf5 28. h4 Qh6 29. Re4 Qg7 30. Rf4 Nd6 31. Rxf6 Rxf6 32. Rc2 Kf8 33. Qe5 Qg6
34. Rc7 Qb1+ 35. Kh2 Qxa2 36. Qxd6 exd6 37. e7+ 1-0

[Event "Olomouc Chess Summer 2017 - open"]
[Site "Olomouc (CZE)"]
[Date "2017.08.14"]
[Round "4.2"]
[White "Kula 2153, Dominik"]
[Black "Hoerr 2196, Matthias"]
[Result "1-0"]
[WhiteElo "2153"]
[BlackElo "2196"]
[PlyCount "57"]
[EventDate "2017.??.??"]

1. e4 c5 2. Nf3 e6 3. d4 cxd4 4. Nxd4 Nc6 5. Nc3 Qc7 6. Qd3 Nf6 7. Ndb5 Qb8 8.
Qg3 d6 9. Be3 a6 10. Nd4 Qc7 11. Be2 Ne5 12. O-O b5 13. f4 Nc4 14. Bxc4 Qxc4
15. e5 Nd5 16. Nxd5 Qxd5 17. exd6 Bb7 18. Rad1 Rd8 19. Nb3 Qc6 20. Na5 Qc8 21.
Nxb7 Qxb7 22. f5 Qd7 23. Bf4 g6 24. Qc3 Rg8 25. fxe6 fxe6 26. Rfe1 Bg7 27. Qb3
Kf7 28. Rf1 Ke8 29. Rde1 1-0

[Event "Olomouc Chess Summer 2017 - open"]
[Site "Olomouc (CZE)"]
[Date "2017.08.14"]
[Round "4.3"]
[White "Lushnikov 2121, Evgeny"]
[Black "Baasansuren 2169, Erdene"]
[Result "0-1"]
[WhiteElo "2121"]
[BlackElo "2169"]
[PlyCount "112"]
[EventDate "2017.??.??"]

1. e4 c5 2. Nf3 d6 3. Bb5+ Bd7 4. Bxd7+ Qxd7 5. c4 Nc6 6. Nc3 g6 7. d4 cxd4 8.
Nxd4 Bg7 9. Be3 Nf6 10. f3 O-O 11. O-O a6 12. a4 e6 13. Rc1 Rfc8 14. b3 Qe7 15.
Qd2 Nd7 16. Rfd1 Nc5 17. Nxc6 bxc6 18. Rb1 Rab8 19. b4 Nd7 20. Bd4 Bxd4+ 21.
Qxd4 Rxb4 22. Qxd6 Qxd6 23. Rxd6 Rxb1+ 24. Nxb1 Nb6 25. Nd2 Nxa4 26. Nb3 Nb2
27. Na5 c5 28. Rb6 Nd3 29. Rd6 Nb2 30. Rxa6 Rd8 31. Nb3 Nxc4 32. Ra4 Ne3 33.
Kf2 Nd1+ 34. Kg3 Nb2 35. Ra2 c4 36. Rxb2 Rb8 37. Kf2 cxb3 38. Ke3 Kg7 39. Kd2
Kf6 40. Kc1 Ra8 41. Rxb3 Ra1+ 42. Rb1 Rxb1+ 43. Kxb1 Ke5 44. Kc2 Kd4 45. Kd2 g5
46. Ke2 Kc3 47. Ke3 e5 48. g3 f6 49. h4 gxh4 50. gxh4 h5 51. Kf2 Kd2 52. Kg3
Ke3 53. Kg2 Ke2 54. Kg3 Kf1 55. f4 Ke2 56. fxe5 fxe5 0-1

[Event "Olomouc Chess Summer 2017 - open"]
[Site "Olomouc (CZE)"]
[Date "2017.08.14"]
[Round "4.4"]
[White "Yanjinlkham 1988, Bayarsaikhan"]
[Black "Leite Oralova 2164, Catarina"]
[Result "0-1"]
[WhiteElo "1988"]
[BlackElo "2164"]
[PlyCount "86"]
[EventDate "2017.??.??"]

1. d4 d6 2. c4 Nd7 3. g3 e5 4. Bg2 g6 5. Nf3 Bg7 6. O-O Ngf6 7. dxe5 dxe5 8.
Nc3 c6 9. Bg5 Qc7 10. Qc1 O-O 11. Bh6 Re8 12. Bxg7 Kxg7 13. Nd2 a5 14. Rd1 Nc5
15. Nde4 Nfxe4 16. Nxe4 Nxe4 17. Bxe4 Be6 18. Qc3 Red8 19. Bd3 Rd7 20. Rd2 Rad8
21. Rad1 c5 22. b3 f6 23. Be4 Rxd2 24. Rxd2 Rxd2 25. Qxd2 a4 26. Bd5 Bd7 27. b4
b5 28. Qd3 cxb4 29. cxb5 Qc5 30. Qc4 Qxb5 31. Kf1 Qxc4 32. Bxc4 Kf8 33. Ke1 Ke7
34. Kd2 Kd6 35. h4 Kc5 36. Bf7 Bb5 37. g4 Bc4 38. Be8 a3 39. Ba4 Bxa2 40. Kc2
Bc4 41. e3 Be2 42. g5 fxg5 43. hxg5 Bd1+ 0-1

[Event "Olomouc Chess Summer 2017 - open"]
[Site "Olomouc (CZE)"]
[Date "2017.08.14"]
[Round "4.5"]
[White "Dvorak 2197, Martin"]
[Black "Zakoucka 2009, Adela"]
[Result "0-1"]
[WhiteElo "2197"]
[BlackElo "2009"]
[PlyCount "104"]
[EventDate "2017.??.??"]

1. e4 c5 2. Nf3 Nc6 3. d4 cxd4 4. Nxd4 g6 5. Nc3 Bg7 6. Be3 Nf6 7. Nxc6 bxc6 8.
e5 Ng8 9. f4 d6 10. Bc4 Nh6 11. exd6 exd6 12. O-O O-O 13. Bb3 Qh4 14. Bf2 Qf6
15. Qd2 d5 16. Rfe1 Be6 17. Bc5 Rfd8 18. Rad1 Nf5 19. Qf2 Rd7 20. g4 Nd6 21.
Bxd6 Rxd6 22. Ne4 Qd8 23. Nxd6 Qxd6 24. f5 Bd7 25. c3 Be5 26. Rf1 f6 27. c4 Qb4
28. fxg6 hxg6 29. g5 Bf5 30. gxf6 Bxf6 31. Qf4 Qc5+ 32. Kg2 Re8 33. Rfe1 Re4
34. Rxe4 Bxe4+ 35. Kf1 Kg7 36. cxd5 Qb5+ 37. Kf2 Qc5+ 38. Qe3 Bh4+ 39. Ke2 Qb5+
40. Kd2 cxd5 41. Rc1 Bd8 42. Qd4+ Kh7 43. Qxa7+ Kh6 44. Rc3 Bg5+ 45. Ke1 Bh4+
46. Rg3 Qb4+ 47. Kd1 Bf3+ 48. Kc2 Qe4+ 49. Kd2 Qe2+ 50. Kc3 Qe1+ 51. Kd3 Be4+
52. Kd4 Bxg3 0-1

[Event "Olomouc Chess Summer 2017 - open"]
[Site "Olomouc (CZE)"]
[Date "2017.08.14"]
[Round "4.6"]
[White "Gombocz 1894, Ferenc Jr"]
[Black "Schmid 2127, Thomas"]
[Result "1-0"]
[WhiteElo "1894"]
[BlackElo "2127"]
[PlyCount "81"]
[EventDate "2017.??.??"]

1. c4 Nf6 2. g3 g6 3. Bg2 Bg7 4. Nc3 O-O 5. e4 d6 6. Nge2 e5 7. d3 Nc6 8. O-O
Nd7 9. f4 f5 10. exf5 gxf5 11. Be3 Nd4 12. Qd2 Nc5 13. Bxd4 exd4 14. Nb5 Ne6
15. Rfe1 c6 16. Na3 a5 17. Nc2 Bd7 18. b3 Kh8 19. a3 Qc7 20. b4 c5 21. bxa5 Nd8
22. Rab1 Bc6 23. Nc1 Rxa5 24. Re7 Qxe7 25. Qxa5 Bxg2 26. Kxg2 Re8 27. Qb5 Rg8
28. Kf2 Re8 29. Kg1 h5 30. Nb3 Qf7 31. Kf2 h4 32. Nd2 Qh5 33. Nf3 Kg8 34. Qd7
hxg3+ 35. hxg3 Qf7 36. Qxd6 Qe7 37. Qxe7 Rxe7 38. Rb5 Ne6 39. Nh4 Rf7 40. Rb6
Nf8 41. Na1 1-0

[Event "Olomouc Chess Summer 2017 - open"]
[Site "Olomouc (CZE)"]
[Date "2017.08.14"]
[Round "4.7"]
[White "Valenta 2086, Vit"]
[Black "Houska 2202, Jiri"]
[Result "1/2-1/2"]
[WhiteElo "2086"]
[BlackElo "2202"]
[PlyCount "45"]
[EventDate "2017.??.??"]

1. Nf3 Nf6 2. g3 g6 3. Bg2 Bg7 4. O-O O-O 5. c4 d6 6. d4 Nbd7 7. Nc3 c6 8. e4
e5 9. dxe5 Nxe5 10. Nxe5 dxe5 11. Qc2 Qe7 12. a4 Nd7 13. b3 Rd8 14. Ba3 Qe8 15.
Rad1 Bf8 16. Bb2 Nc5 17. Ne2 Bg7 18. Rxd8 Qxd8 19. Rd1 Qb6 20. Nc1 Ne6 21. Ne2
Nc5 22. Nc1 Ne6 23. Ne2 1/2-1/2

[Event "Olomouc Chess Summer 2017 - open"]
[Site "Olomouc (CZE)"]
[Date "2017.08.14"]
[Round "4.8"]
[White "Brantjes 1961, Yme"]
[Black "Stigar 2236, Petter"]
[Result "1/2-1/2"]
[WhiteElo "1961"]
[BlackElo "2236"]
[PlyCount "50"]
[EventDate "2017.??.??"]

1. e4 c5 2. Nf3 Nc6 3. d4 cxd4 4. Nxd4 g6 5. Be3 Nf6 6. Nc3 Bg7 7. Bc4 Qa5 8.
O-O O-O 9. Bb3 d6 10. f3 Bd7 11. Qd2 Rfc8 12. Rfd1 Ne5 13. Nd5 Qxd2 14. Rxd2
Kf8 15. Bf2 Nc4 16. Bxc4 Rxc4 17. Nxf6 Bxf6 18. c3 b5 19. Nc2 Rcc8 20. Bd4
Bxd4+ 21. Rxd4 Be6 22. Ne3 Rab8 23. Kf2 Rc5 24. Ke2 f6 25. Kd2 a5 1/2-1/2

[Event "Olomouc Chess Summer 2017 - open"]
[Site "Olomouc (CZE)"]
[Date "2017.08.14"]
[Round "4"]
[White "Patil, Mitali Madhukar"]
[Black "Mitchell, Martin"]
[Result "1/2-1/2"]
[WhiteElo "1959"]
[BlackElo "2228"]
[PlyCount "140"]
[EventDate "2017.??.??"]

1. d4 Nf6 2. Nf3 e6 3. e3 c5 4. Bd3 b6 5. b3 cxd4 6. exd4 Bb4+ 7. c3 Be7 8. O-O
O-O 9. Nbd2 Bb7 10. Bb2 d5 11. Re1 Nbd7 12. Rc1 Rc8 13. Ne5 Nxe5 14. dxe5 Nd7
15. Qh5 g6 16. Qg4 Bg5 17. Rcd1 Bh6 18. c4 Bg7 19. Re3 Qc7 20. Rde1 Nc5 21. Bb1
Rcd8 22. h4 h5 23. Qf4 Kh7 24. Nf3 dxc4 25. Ng5+ Kg8 26. Qxc4 Rd2 27. Ba3 Rfd8
28. Bxc5 Qxc5 29. Bxg6 R8d7 30. Qxc5 bxc5 31. Bxh5 Rxa2 32. Rc1 Ra5 33. f4 Bh6
34. Bf3 Bxg5 35. hxg5 Bxf3 36. Rxf3 Rd2 37. Rf2 Rd3 38. Rfc2 Rxb3 39. Rxc5 Ra4
40. R5c4 Ra2 41. R1c2 Rxc2 42. Rxc2 a5 43. Rc8+ Kg7 44. Ra8 Ra3 45. Kf2 a4 46.
Ra7 Kg6 47. g3 Ra2+ 48. Kf3 Ra1 49. Kg4 a3 50. Ra6 Kg7 51. g6 Kxg6 52. f5+ Kh7
53. fxe6 fxe6 54. Rxe6 Re1 55. Ra6 Rxe5 56. Rxa3 Re6 57. Kf5 Rb6 58. Ra5 Kg7
59. g4 Rc6 60. g5 Rb6 61. Ra7+ Kg8 62. Kg4 Rc6 63. Kh5 Rb6 64. Ra8+ Kg7 65.
Ra7+ Kg8 66. Rc7 Ra6 67. g6 Ra1 68. Kg5 Rg1+ 69. Kf5 Rf1+ 70. Ke4 Rf6 1/2-1/2

[Event "Olomouc Chess Summer 2017 - open"]
[Site "Olomouc (CZE)"]
[Date "2017.08.14"]
[Round "4"]
[White "Steiner, Bruno"]
[Black "Narendran, Gouthaman"]
[Result "1-0"]
[WhiteElo "2185"]
[BlackElo "1952"]
[PlyCount "71"]
[EventDate "2017.??.??"]

1. d4 Nf6 2. c4 e6 3. Nc3 Bb4 4. e3 O-O 5. Nge2 d5 6. a3 Be7 7. Ng3 b6 8. Bd3
c5 9. dxc5 bxc5 10. O-O Nbd7 11. cxd5 exd5 12. Bc2 Nb6 13. b3 Be6 14. Bb2 Qd7
15. Nce2 Rac8 16. Rb1 Rfd8 17. Qd2 Qc7 18. Rfd1 c4 19. b4 Bd7 20. Rbc1 Na4 21.
Bxf6 Bxf6 22. Nh5 Be5 23. f4 Bb2 24. Rb1 g6 25. Rxb2 Nxb2 26. Nf6+ Kf8 27. Nxd5
Qc6 28. Qd4 f6 29. Qxb2 c3 30. Nexc3 Be6 31. Ba4 Qc4 32. Bb5 Rxd5 33. Bxc4
Rxd1+ 34. Nxd1 Rxc4 35. Qxf6+ Bf7 36. Nc3 1-0

[Event "Olomouc Chess Summer 2017 - open"]
[Site "Olomouc (CZE)"]
[Date "2017.08.14"]
[Round "4"]
[White "Palka, Miroslav"]
[Black "Fogel, Pierre"]
[Result "0-1"]
[WhiteElo "1936"]
[BlackElo "2106"]
[PlyCount "82"]
[EventDate "2017.??.??"]

1. c4 e6 2. Nc3 d5 3. d4 Be7 4. Nf3 Nf6 5. Bf4 O-O 6. e3 Nbd7 7. c5 c6 8. Bd3
b6 9. b4 a5 10. a3 Ba6 11. O-O Qc8 12. h3 Qb7 13. Qc2 Rfc8 14. Rfc1 Bxd3 15.
Qxd3 axb4 16. axb4 b5 17. Nd2 Bd8 18. Nb3 Bc7 19. Bxc7 Qxc7 20. Na5 e5 21. f3
h6 22. Ra2 exd4 23. Qxd4 Nf8 24. Ne2 Ne6 25. Qc3 Re8 26. Nd4 Nxd4 27. Qxd4 Re6
28. Re2 Rae8 29. Rce1 Nh5 30. e4 Nf4 31. Rd2 Nxh3+ 32. gxh3 Qg3+ 33. Kf1 Qxf3+
34. Qf2 Qh1+ 35. Qg1 Qxh3+ 36. Qg2 Rf6+ 37. Rf2 Qd3+ 38. Ree2 Rxe4 39. Ke1 Qb1+
40. Kd2 Qxb4+ 41. Kc2 Rxf2 0-1

[Event "Olomouc Chess Summer 2017 - open"]
[Site "Olomouc (CZE)"]
[Date "2017.08.14"]
[Round "4"]
[White "Molnar, Jiri"]
[Black "Vitak, Jiri"]
[Result "0-1"]
[WhiteElo "1918"]
[BlackElo "2086"]
[PlyCount "108"]
[EventDate "2017.??.??"]

1. e4 c5 2. Nc3 Nc6 3. f4 g6 4. Nf3 Bg7 5. Bb5 Nd4 6. O-O Nxb5 7. Nxb5 d6 8. d3
a6 9. Nc3 Nf6 10. Qe1 O-O 11. Qh4 b5 12. Ng5 h6 13. Nf3 b4 14. Ne2 e6 15. Ng3
Nh7 16. Qh3 f5 17. Nh4 Qe8 18. exf5 exf5 19. Nf3 Bb7 20. Re1 Qf7 21. Nf1 Rae8
22. Ne3 Re6 23. Kf1 Rfe8 24. Bd2 Bxb2 25. Rab1 Bg7 26. Nc4 Rxe1+ 27. Rxe1 Rxe1+
28. Bxe1 Qe6 29. Qg3 Kf7 30. Nh4 Nf8 31. Nf3 Nd7 32. Bf2 Bd5 33. Nfd2 Ba8 34.
Qe3 Qxe3 35. Bxe3 Ke6 36. Nb3 Bf8 37. Kf2 d5 38. Ne5 Nxe5 39. fxe5 d4 40. Bc1
Kxe5 41. h3 g5 42. a3 Bd5 43. Na5 bxa3 44. Bxa3 f4 45. Nb3 Bxb3 46. cxb3 h5 47.
Kf3 Kf5 48. g4+ fxg3 49. Kxg3 Bd6+ 50. Kg2 g4 51. Bc1 Ke6 52. Bd2 Kd5 53. Ba5
Kc6 54. Bd2 Kb5 0-1

[Event "Olomouc Chess Summer 2017 - open"]
[Site "Olomouc (CZE)"]
[Date "2017.08.14"]
[Round "4"]
[White "Kalinowska, Zuzanna"]
[Black "Spice, Alan"]
[Result "1-0"]
[WhiteElo "1896"]
[BlackElo "2070"]
[PlyCount "69"]
[EventDate "2017.??.??"]

1. d4 d5 2. Nf3 Nf6 3. c4 dxc4 4. e3 e6 5. Bxc4 a6 6. O-O c5 7. b3 b5 8. Bd3
Nc6 9. a4 bxa4 10. Rxa4 Bb7 11. Bb2 Nb4 12. Bc4 cxd4 13. Bxd4 Be7 14. Qe2 O-O
15. Rd1 Qc7 16. Ne5 Nc6 17. Nf3 Nxd4 18. Nxd4 Rfd8 19. Nd2 Nd5 20. Bxd5 Rxd5
21. Rc4 Qb6 22. Rdc1 Rad8 23. R4c2 Bf6 24. N4f3 R5d7 25. e4 h6 26. e5 Be7 27.
h3 Qb4 28. Rc4 Qb5 29. Qe3 Rd3 30. Qf4 Bg5 31. Nxg5 hxg5 32. Qxg5 Rxd2 33. Rg4
g6 34. Qf6 Qd3 35. Rh4 1-0

[Event "Olomouc Chess Summer 2017 - open"]
[Site "Olomouc (CZE)"]
[Date "2017.08.14"]
[Round "4"]
[White "Sadzikowski, Marian"]
[Black "Trevelyan, John"]
[Result "0-1"]
[WhiteElo "1898"]
[BlackElo "2047"]
[PlyCount "132"]
[EventDate "2017.??.??"]

1. e4 d6 2. f4 Nf6 3. Nc3 d5 4. e5 d4 5. Nce2 Nd5 6. Nxd4 Nxf4 7. Ngf3 e6 8.
Nb3 b6 9. g3 Ng6 10. Bg2 Bb7 11. O-O Be7 12. d4 O-O 13. h4 Na6 14. h5 Nh8 15.
Nh4 Bxg2 16. Nxg2 c5 17. Qg4 Re8 18. Bh6 g6 19. Nf4 c4 20. hxg6 hxg6 21. Nxg6
fxg6 22. Qxe6+ Kh7 23. Qxc4 Qc8 24. Qxc8 Raxc8 25. Bd2 Rxc2 26. Bc3 Bb4 27.
Rac1 Rxc1 28. Nxc1 Kg7 29. Nd3 Bxc3 30. bxc3 Nf7 31. Nf4 Ng5 32. Rd1 Nc7 33.
Kg2 b5 34. Rb1 Ne4 35. Rc1 g5 36. Kf3 Nd2+ 37. Ke2 Nc4 38. Nh5+ Kg6 39. Nf6 Rh8
40. Rf1 Rh2+ 41. Rf2 Rxf2+ 42. Kxf2 Ne6 43. Ke2 Nd8 44. Kd3 Kf5 45. Nd5 Ne6 46.
Nf6 a5 47. Nd7 Nd8 48. Nc5 Nb6 49. Ne4 Nc8 50. Nf2 Nc6 51. Ke3 b4 52. g4+ Kg6
53. c4 a4 54. Nd3 Nb6 55. Ke4 Nxc4 56. Kd5 N4a5 57. Kd6 b3 58. axb3 a3 59. Nc1
Nxd4 60. b4 Nc4+ 61. Kd5 Ne2 62. Na2 Ne3+ 63. Ke4 Nd1 64. Kd3 Nf4+ 65. Kc2 Ne3+
66. Kb3 Nxg4 0-1